000 00468nam a2200181 4500
001 21926
005 20230410143536.0
008 060907n2004 dr spa
020 _a0764541781
035 _9funglode22089
041 _aEN
050 1 4 _aT 385 M478p 2004
100 _aMcClelland, Deke
245 1 _aPhotoshop CS bible /
_cDeke McClelland
260 _aHoboken, NJ :
_bWiley Publishing,
_c2004
300 _axxix, 1072 p.
942 _2lcc
_cbk
999 _c103579
_d103579